000 00362nam a2200145Ia 4500
008 231129s1995||||xx |||||||||||||| ||spa||
020 _a968-24-5078-0
040 _bspa
082 _a070.4 H174p
100 _aHall Kevin
245 0 _aPeriodismo y creatividad
260 _c1995
264 _aTrillas
942 _2ddc
_cBKS
999 _c22695
_d22695